Language,Litrerature And Culture In Digital Age/ (Record no. 195220)

MARC details
000 -LEADER
fixed length control field 00704nam a22002057a 4500
005 - DATE AND TIME OF LATEST TRANSACTION
control field 20230403124110.0
010 ## - LCCN (DPL NO)
LC control number ENG-136379
020 ## - INTERNATIONAL STANDARD BOOK NUMBER
International Standard Book Number 9789394899155
Terms of availability 800.00
035 ## - SYSTEM CONTROL NUMBER
System control number EN-119911
037 ## - SOURCE OF ACQUISITION
Source of stock number/acquisition DBAD/PUB
082 ## - DEWEY DECIMAL CLASSIFICATION NUMBER
Classification number 428.007
100 ## - MAIN ENTRY--PERSONAL NAME
Personal name Patchainayagi, S
245 ## - TITLE STATEMENT
Title Language,Litrerature And Culture In Digital Age/
Statement of responsibility, etc By S.Patchainayagi, Vijayalakshmai Venkataraman and Vijayalakhmi Vasudevan
260 ## - PUBLICATION, DISTRIBUTION, ETC. (IMPRINT)
Place of publication, distribution, etc Madhrai
Name of publisher, distributor, etc Shanlax Publications
Date of publication, distribution, etc 2022
270 ## - ADDRESS
City Tamil Nadu
Address Vasantha Nagar, Madurai
Postal code 625003
300 ## - PHYSICAL DESCRIPTION
Extent 214p.
Dimensions 22cm(pbk)
700 ## - ADDED ENTRY--PERSONAL NAME
Personal name Venkataraman, Vijaylakshmi
Relator term Author
700 ## - ADDED ENTRY--PERSONAL NAME
Personal name Vasudevan, Vijaylakshmi
Relator term Author
942 ## - ADDED ENTRY ELEMENTS (KOHA)
Source of classification or shelving scheme Dewey Decimal Classification
Item type English Books
Call number suffix LAN
Classification part 428.007
Holdings
Withdrawn status Lost status Not for loan Collection code Home library Current library Date acquired Source of acquisition Cost, normal purchase price Full call number Barcode Copy number Cost, replacement price Koha item type
      Non-fiction Katevara Katevara 13/03/2023 DBAD/PUB 800.00 428.007 LAN EN-119911 1 800.00 English Books

© Delhi Public Library
Hit Counter
free hit counter